000 00434nam a22001697a 4500
003 CEME
005 20210628203119.0
008 210120b xxu||||| |||| 00| 0 eng d
040 _c.
082 _a297 ABD
100 _aAbdul Malak Mujaed
_963388
245 _aSunere kairna, muslim kawteen ke alla aqdar ka rosan tazkara
260 _aAL RIZA
_bDAR-AL-ISLAM
_c2008
300 _a389
650 _aFAIZA
_961097
942 _cBK
_2ddc
999 _c572228
_d572228